| 000 | 00561cam a2200193 a 4500 | ||
|---|---|---|---|
| 020 | _a0803124708 | ||
| 040 | _cDLC | ||
| 082 | 0 | 0 | _a624 AST 1997 A036 Or. |
| 245 | 0 | 0 | _aTesting soil mixed with waste or recycled materials / |
| 260 |
_aWest Conshohacken, PA : _bASTM, _cc1997. |
||
| 300 |
_axiv, 335 p. : _bill. ; _c24 cm. |
||
| 490 | 1 | _aSTP ; | |
| 500 | _a"ASTM publication code number (PCN): 04-012750-38." | ||
| 650 | 0 | _aSoil stabilization | |
| 650 | 0 | _aWaste products. | |
| 700 | 1 | _aWasemiller, Mark A., | |
| 700 | 1 | _aHoddinott, Keith B., | |
| 942 | _cEK | ||
| 999 |
_c11369 _d11369 |
||